00770nam a2200193 a 450000100100000000500170001000800410002704000250006808200190009310000350011224501060014726000390025330000280029249000260032050000630034683000330040995201170044299900170055900004290020201002040502.0140212s1972 sp a 000 0 spa d aDO-SdBNPbspacBNPHU axxxxxxbxxxxxx1 aIgnacio, León,d1919-97034810aCorpus de Sangre en Barcelona :bcrónica de la rebelión de los segadores, 1640 /cLeón Ignacio. aBarcelona, :bEdiciones 29,c1972. a186 p. :bil. ;c19 cm.1 aBrumas de españav2 aIncluye datos biográficos del autor en la contracubierta 0aBrumas de españan2970349 001050718MOaGRbGRcHDd2014-02-12iLF1l0oxxxxxx xxxxxxp42900-10r2020-06-25w2020-06-25y1ZNo se presta c42389d42389